000 00700nam a22001937a 4500
999 _c13996
_d13996
003 AR-CdUCM
008 190417b ||||| |||| 00| 0 spa d
040 _aMUNICIPALIDAD PROVINCIAL DEL CUSCO
_cBIBLIOTECA MUNICIPAL DEL CUSCO
082 _aEP / 803 /
_bT72
100 _aToro Montalvo, César
_912608
245 _aMitos y leyendas de la Sierra /
260 _aLima :
_bFondo editorial cultura peruana,
_c2007.
300 _a157 páginas ;
_c15 cm.
440 _aCuadernos didácticos.
_932644
505 _aContenido :Origen de los incas -- Mito de origen -- Las mamaconas -- La leyenda del poncho -- San isidro ...
650 _aCuentos
_9217
942 _2ddc
_cLIBROS
945 _arum
_d2019-04-17